<?xml version="1.0" encoding="UTF-8"?>
<record
    xmlns:xsi="http://www.w3.org/2001/XMLSchema-instance"
    xsi:schemaLocation="http://www.loc.gov/MARC21/slim http://www.loc.gov/standards/marcxml/schema/MARC21slim.xsd"
    xmlns="http://www.loc.gov/MARC21/slim">

  <leader>04830nam a2200505Ia 4500</leader>
  <controlfield tag="001">dia_4711</controlfield>
  <controlfield tag="003">CHAP</controlfield>
  <controlfield tag="005">20241011094152.0</controlfield>
  <controlfield tag="007">ta</controlfield>
  <controlfield tag="008">220117s2011    mx ad  frm    001 0 spa d</controlfield>
  <datafield tag="010" ind1=" " ind2=" ">
    <subfield code="a">175438</subfield>
  </datafield>
  <datafield tag="040" ind1=" " ind2=" ">
    <subfield code="c">CHAP</subfield>
    <subfield code="a">mxchpua</subfield>
    <subfield code="e">rda</subfield>
  </datafield>
  <datafield tag="041" ind1="0" ind2=" ">
    <subfield code="a">spa</subfield>
    <subfield code="b">eng</subfield>
  </datafield>
  <datafield tag="090" ind1=" " ind2=" ">
    <subfield code="a">Tesis </subfield>
    <subfield code="b">Z368 </subfield>
    <subfield code="c">2011</subfield>
  </datafield>
  <datafield tag="100" ind1="1" ind2=" ">
    <subfield code="a">Zambrano Zafra, Sandra Elisa</subfield>
  </datafield>
  <datafield tag="240" ind1="1" ind2="0">
    <subfield code="a">Microbiological quality of vacuum-packed organic turkey and beef market in the Chapingo Organic Open Air Market.</subfield>
    <subfield code="l">Espa&#xF1;ol</subfield>
  </datafield>
  <datafield tag="245" ind1="1" ind2="0">
    <subfield code="a">Calidad microbiol&#xF3;gica de carne org&#xE1;nica de pavo y res empacada al vac&#xED;o, comercializada en el Tianguis Org&#xE1;nico Chapingo /</subfield>
    <subfield code="c">Sandra Elisa Zambrano Zafra</subfield>
  </datafield>
  <datafield tag="264" ind1=" " ind2=" ">
    <subfield code="a">Chapingo, M&#xE9;xico :</subfield>
    <subfield code="b">El autror,</subfield>
    <subfield code="c">2011</subfield>
  </datafield>
  <datafield tag="300" ind1=" " ind2=" ">
    <subfield code="a">x, 80 hojas :</subfield>
    <subfield code="b">ilustraciones, gr&#xE1;ficas, diagramas +</subfield>
    <subfield code="e">1 CD-ROM</subfield>
  </datafield>
  <datafield tag="336" ind1=" " ind2=" ">
    <subfield code="2">rdacontent</subfield>
    <subfield code="a">texto</subfield>
    <subfield code="b">txt</subfield>
  </datafield>
  <datafield tag="337" ind1=" " ind2=" ">
    <subfield code="2">rdamedia</subfield>
    <subfield code="a">no mediado</subfield>
    <subfield code="b">n</subfield>
  </datafield>
  <datafield tag="338" ind1=" " ind2=" ">
    <subfield code="2">rdacarrier</subfield>
    <subfield code="a">volumen</subfield>
    <subfield code="b">nc</subfield>
  </datafield>
  <datafield tag="500" ind1=" " ind2=" ">
    <subfield code="a">El CD contiene el reporte</subfield>
  </datafield>
  <datafield tag="502" ind1=" " ind2=" ">
    <subfield code="a">Tesis </subfield>
    <subfield code="b">(Ingeniero Agroindustrial) -- </subfield>
    <subfield code="c">UACh. Departamento de Ingenier&#xED;a Agroindustrial,</subfield>
    <subfield code="d">2011</subfield>
  </datafield>
  <datafield tag="504" ind1=" " ind2=" ">
    <subfield code="a">Bibliograf&#xED;a: hojas 65-71</subfield>
  </datafield>
  <datafield tag="520" ind1="3" ind2=" ">
    <subfield code="a">Se analiz&#xF3; la calidad microbiol&#xF3;gica de distintos cortes de carne org&#xE1;nica de pavo y res, expedidas en el Tianguis Org&#xE1;nico Chapingo, Estado de M&#xE9;xico, para detectar bacterias aerobias totales, hongos y levadura, coliformes totales, E. coli(UFC/g); y la presencia de Salmonella spp. Los cortes muestreados para el caso de la carne de pavo fueron carne molida y jam&#xF3;n; en el caso de carne de res, molida premium y bistec. Todos los cortes estaban empacados al alto vac&#xED;o y congelados. Se realizaron siete muestreos, tom&#xE1;ndose una muestra al azar de cada corte, analiz&#xE1;ndose a intervalos de una semana entre julio y septiembre de 2010.  Los an&#xE1;lisis se efectuaron con la t&#xE9;cnica del n&#xFA;mero m&#xE1;s probable (NMP) en el caso de Bacterias aerobias totales, E. coli, hongos y levaduras; para coliformes totales fue por vaciado en placa. Los resultados fueron contrastados con las Normas Oficiales Mexicanas (NOM) a fin de determinar el nivel de cumplimiento de la misma. De acuerdo con los resultados, los conteos en los cortes de carne de res siempre estuvieron por arriba de la Norma, adem&#xE1;s de que en el 75 y 100% de la muestras tomadas  de carne molida y bistec respectivamente, se encontr&#xF3; la presencia de Salmonella spp. En el caso de jam&#xF3;n de pavo, se hall&#xF3; la presencia de E. coli, la cual de acuerdo con la NOM deber&#xED;a ser negativa y Salmonella spp., se encontr&#xF3; s&#xF3;lo en el primer muestreo. Esto indica que existe la posibilidad de contraer enfermedades por Salmonella spp y E. colipor lo cual se deben de cocer bien los alimentos para su consumo.  --</subfield>
  </datafield>
  <datafield tag="520" ind1="3" ind2=" ">
    <subfield code="a">The microbiological quality of different cuts of turkey and beef delivered to the Chapingo Organic Open-Air Market in the state of Mexico was analyzed in order to detect total aerobic bacteria, fungi and yeast, total coliforms, E. coli (UFC/ g), and the presence of Salmonellaspp.  The cuts sampled for the turkey meat were ground and ham, and in the case of beef, premium ground and steak. All cuts were vacuumpacked and frozen. Seven samplings were carried out in which a random sample of each cut was taken and analyzed at weekly intervals between July and September 2010. The analysis was performed using the technique of most probable number (MPN) for total aerobic bacteria, E. coli, fungi and yeast.  Cell culture analysis was utilized to determine total coliforms. The results were compared with the Mexican Official Standards (NOM) to determine the level of compliance.  According to the results, the counts in the beef cuts were always above the standard.  Furthermore, Salmonellaspp was found in 75% of the ground beef and 100% of the steak.   The presence of E. coli was found in the turkey ham, which according to NOM, should be negative.   Salmonella spp was found only in the first sample of turkey.  This indicates the possibility of contracting diseases by Salmonellaspp and E. coli; therefore, food should be cooked thoroughly before consumption. </subfield>
  </datafield>
  <datafield tag="650" ind1="1" ind2="3">
    <subfield code="a">Carne de pavo  </subfield>
    <subfield code="2">atg</subfield>
  </datafield>
  <datafield tag="650" ind1="1" ind2="3">
    <subfield code="a">Carne de vaca  </subfield>
    <subfield code="2">atg</subfield>
  </datafield>
  <datafield tag="650" ind1="1" ind2="3">
    <subfield code="a">Envase al vac&#xED;o  </subfield>
    <subfield code="2">atg</subfield>
  </datafield>
  <datafield tag="650" ind1="1" ind2="3">
    <subfield code="a">Inspecci&#xF3;n de carne  </subfield>
    <subfield code="2">atg</subfield>
  </datafield>
  <datafield tag="650" ind1="1" ind2="3">
    <subfield code="a">Beef  </subfield>
    <subfield code="2">atg</subfield>
  </datafield>
  <datafield tag="650" ind1="1" ind2="3">
    <subfield code="a">Meat inspection  </subfield>
    <subfield code="2">atg</subfield>
  </datafield>
  <datafield tag="650" ind1="1" ind2="3">
    <subfield code="a">Turkey meat  </subfield>
    <subfield code="2">atg</subfield>
  </datafield>
  <datafield tag="650" ind1="1" ind2="3">
    <subfield code="a">Vacuum packing</subfield>
    <subfield code="2">atg</subfield>
  </datafield>
  <datafield tag="700" ind1="1" ind2=" ">
    <subfield code="a">Schwentesius Rindermann, Rita</subfield>
    <subfield code="e">directora</subfield>
  </datafield>
  <datafield tag="700" ind1="1" ind2=" ">
    <subfield code="a"> Miranda Romero, Luis Alberto</subfield>
    <subfield code="e">asesor</subfield>
  </datafield>
  <datafield tag="700" ind1="1" ind2=" ">
    <subfield code="a">Vel&#xE1;zquez Castillo, Alejandra</subfield>
    <subfield code="e">asesora</subfield>
  </datafield>
  <datafield tag="856" ind1="4" ind2="1">
    <subfield code="u">http://10.13.5.2/tesis/112936.pdf</subfield>
    <subfield code="y">DESCARGAR PDF</subfield>
  </datafield>
  <datafield tag="901" ind1=" " ind2=" ">
    <subfield code="a">TESIS Z368 2011</subfield>
  </datafield>
  <datafield tag="902" ind1=" " ind2=" ">
    <subfield code="a">M</subfield>
  </datafield>
  <datafield tag="905" ind1=" " ind2=" ">
    <subfield code="a">5232272011                          mx amnl8222223322spa16</subfield>
  </datafield>
  <datafield tag="942" ind1=" " ind2=" ">
    <subfield code="c">TESIS</subfield>
    <subfield code="2">Clasificaci&#xF3;n Universidad Aut&#xF3;noma Chapingo</subfield>
  </datafield>
  <datafield tag="999" ind1=" " ind2=" ">
    <subfield code="c">175438</subfield>
    <subfield code="d">175438</subfield>
  </datafield>
  <datafield tag="952" ind1=" " ind2=" ">
    <subfield code="0">0</subfield>
    <subfield code="1">0</subfield>
    <subfield code="2">local</subfield>
    <subfield code="4">0</subfield>
    <subfield code="5">1</subfield>
    <subfield code="7">0</subfield>
    <subfield code="8">TESIS</subfield>
    <subfield code="a">IA_</subfield>
    <subfield code="b">IA_</subfield>
    <subfield code="d">2022-01-18</subfield>
    <subfield code="e">El autor</subfield>
    <subfield code="l">0</subfield>
    <subfield code="o">Tesis Z368 2011</subfield>
    <subfield code="p">1101004474</subfield>
    <subfield code="r">2022-01-18 00:00:00</subfield>
    <subfield code="t">Ej. 2</subfield>
    <subfield code="w">2022-01-18</subfield>
    <subfield code="y">CD</subfield>
  </datafield>
  <datafield tag="952" ind1=" " ind2=" ">
    <subfield code="0">0</subfield>
    <subfield code="1">0</subfield>
    <subfield code="2">local</subfield>
    <subfield code="4">0</subfield>
    <subfield code="5">1</subfield>
    <subfield code="7">0</subfield>
    <subfield code="8">TESIS</subfield>
    <subfield code="a">IA_</subfield>
    <subfield code="b">IA_</subfield>
    <subfield code="d">2022-01-18</subfield>
    <subfield code="e">El autor</subfield>
    <subfield code="l">0</subfield>
    <subfield code="o">Tesis Z368 2011</subfield>
    <subfield code="p">1101004448</subfield>
    <subfield code="r">2026-02-02 00:00:00</subfield>
    <subfield code="t">Ej. 1</subfield>
    <subfield code="w">2022-01-18</subfield>
    <subfield code="y">TESIS</subfield>
  </datafield>
  <datafield tag="952" ind1=" " ind2=" ">
    <subfield code="0">0</subfield>
    <subfield code="1">0</subfield>
    <subfield code="2">local</subfield>
    <subfield code="4">0</subfield>
    <subfield code="5">5</subfield>
    <subfield code="7">0</subfield>
    <subfield code="8">TESIS</subfield>
    <subfield code="a">IA_</subfield>
    <subfield code="b">IA_</subfield>
    <subfield code="d">2022-01-18</subfield>
    <subfield code="e">El autor</subfield>
    <subfield code="l">1</subfield>
    <subfield code="o">Tesis Z368 2011</subfield>
    <subfield code="p">1101004473</subfield>
    <subfield code="r">2024-10-24 15:10:31</subfield>
    <subfield code="s">2024-10-24</subfield>
    <subfield code="t">Ej. 3</subfield>
    <subfield code="w">2022-01-18</subfield>
    <subfield code="y">CD</subfield>
  </datafield>
  <datafield tag="952" ind1=" " ind2=" ">
    <subfield code="0">0</subfield>
    <subfield code="1">0</subfield>
    <subfield code="2">local</subfield>
    <subfield code="4">0</subfield>
    <subfield code="7">0</subfield>
    <subfield code="8">TesDigL</subfield>
    <subfield code="a">IA_</subfield>
    <subfield code="b">IA_</subfield>
    <subfield code="c">E_L</subfield>
    <subfield code="d">2024-10-11</subfield>
    <subfield code="e">El autor</subfield>
    <subfield code="l">0</subfield>
    <subfield code="p">1201004448</subfield>
    <subfield code="r">2024-10-11 10:45:46</subfield>
    <subfield code="w">2024-10-11</subfield>
    <subfield code="y">TD</subfield>
  </datafield>
</record>
